| 000 | 00648cam a22002051a 4500 | ||
|---|---|---|---|
| 001 | 000001364 | ||
| 005 | 20240418073804.0 | ||
| 008 | 770526s1969 sp b 000 0 spa | ||
| 040 |
_aDO-SdBNP _bspa _cBNPHU |
||
| 082 |
_a301.018 _bB756m |
||
| 100 | 1 |
_aBoudon, Raymond. _d1934- _94574 |
|
| 245 | 1 | 4 |
_aLos métodos en sociología / _cRaymond Boudon. |
| 246 | 1 | 4 | _aLes Méthodes en sociologie |
| 260 |
_aBuenos Aires : _bPresses universitaires de France, _c1969. |
||
| 300 |
_a149 p. ; _c18 cm. |
||
| 504 | _aBibliografía: p.127 | ||
| 650 | 4 |
_aSociología _xMetodología _94575 |
|
| 650 | 0 |
_aSociología _91061 |
|
| 910 | _aCatalogación original noche | ||
| 999 |
_c1290 _d1290 |
||